00353nam a2200145Ia 45000030006000000080041000060400015000471000037000622450045000992500006001442600020001503000008001705460012001780050017001900STCL150530s9999 xx 000 0 und d aSTCLcSTCL aPaul Khurana, S.M.;Singhal, P.K. aHigher Education -Quality and Management a1 c2010aNew Delhi a448 aEnglish20220125165743.0